The deaf child in the family and at school: essays in honor of Kathryn P. Meadows-Orlans
Uloženo v:
| Hlavní autoři: | , , |
|---|---|
| Médium: | Kniha |
| Jazyk: | angličtina |
| Vydáno: |
Mahwah
Lawrence Erlbaum Associates
2000
|
| Témata: | |
| Tagy: |
Přidat tag
Žádné tagy, Buďte první, kdo vytvoří štítek k tomuto záznamu!
|
MARC
| LEADER | 00000nam a2200000 a 4500 | ||
|---|---|---|---|
| 001 | UCM4286 | ||
| 003 | CL-VaPUC | ||
| 008 | 020814e20000000us |||||||||||||||||eng|d | ||
| 082 | 0 | 4 | |a 362.42 |b SPE |2 21 |
| 100 | 0 | |a Spencer, Patricia Elizabeth |e author |9 470820 | |
| 700 | 0 | |a Erting, Carol J |e author |9 470821 | |
| 700 | 0 | |a Marschark, Marc |e author |9 470822 | |
| 245 | 1 | 4 | |a The deaf child in the family and at school: essays in honor of Kathryn P. Meadows-Orlans |
| 300 | |a 318 p | ||
| 942 | |c BK | ||
| 945 | |d 20020814 00:00:00 |a cmena | ||
| 260 | |a Mahwah |b Lawrence Erlbaum Associates |c 2000 | ||
| 650 | 7 | |a NIÑOS SORDOS |2 CL-VaPUC |9 311994 | |
| 650 | 0 | |a Integración social |9 319662 | |
| 650 | 7 | |a ROL DE LA FAMILIA |2 CL-VaPUC |9 470380 | |
| 650 | 0 | |a Educación especial |9 307486 | |
| 583 | |a last modification |c 20171120 04:59:14 |k Rodrigo Vera | ||
| 999 | |c 301072 |d 301070 | ||
| 952 | |0 0 |1 0 |4 0 |6 362_420000000000000_SPE_2000 |7 0 |8 A |9 359742 |a FDOPOS |b FDOPOS |d 2019-11-21 |i 3835871 |o 362.42 SPE 2000 |p 3835871 |r 2025-01-22 |w 2019-11-21 |y BK |k MLA | ||